Bases para la prevención de accidentes de tráfico

Salvato in:
Dettagli Bibliografici
Autore principale: Ortega Campos, Juan (autor)
Natura: Libro
Lingua:spagnolo
Pubblicazione: Madrid, España Fundación MAPFRE 1978
Soggetti:
Tags: Aggiungi Tag
Nessun Tag, puoi essere il primo ad aggiungerne!!

MARC

LEADER 00000nam a2200000 a 4500
001 UCU2553
003 CL-VaPUC
005 20250228102607.0
008 960426e19780000SP |||||||||||||||||spa|d
999 |c 246818  |d 246816 
040 |c Pontificia Universidad Católica de Valparaíso 
082 0 4 |a 343.094 ORT 1978  |2 21 
100 0 |a Ortega Campos, Juan  |e autor  |9 358818 
245 1 0 |a Bases para la prevención de accidentes de tráfico 
260 0 3 |a Madrid, España  |b Fundación MAPFRE  |c 1978 
300 |a 162 páginas 
583 |a last modification  |c 19960426 00:00:00  |k Rodrigo Vera 
650 0 |a Violación de la ley  |9 795850 
650 0 |a Accidentes de tráfico  |9 387030 
650 0 |a Prevención de accidentes   |9 262912 
650 7 |a TRAFICO URBANO  |2 CL-VaPUC  |9 358823 
942 |c BK  |2 ddc 
945 |d 19960426 00:00:00  |a cmena 
952 |0 0  |1 0  |2 ddc  |4 0  |6 343_094000000000000_ORT_1978  |7 0  |8 A  |9 262067  |a BIBING  |b BIBING  |d 2019-11-19  |i 1645439  |o 343.094 ORT 1978  |p 1645439  |r 2025-01-20  |t 1  |w 2019-11-19  |y BK  |k TRA